1984 1997 1967 1906 1863 1086 1435 1948 1476 1916 1665 1357 1494 1622 1801 1167 1027 1676 1598 1847 1307 1466 1751 1621 1039 1898 1218 1782 1745 1787 1715 1330 1117 1737 1586 1176 1516 1636 1057 1494 1794 1802 1647 1723 1987 1938 1464 1444 1273 1296 1764 1753 1116 1547 1645 1270 1432 1450 1655 1470 1683 1343 1675 1728 1969 1808 1498 1011 1949 1788 1598 1032 1130 1108 1656 1427 1986 1486 1558 1608 1239 1257 1976 1351 1828 1518 1197 1456 1033 1112 1142 1028 1310 1789 1730 1394 1813 1706 1922 BCNSPRNW ULIB Ver.6.0+V

เปลี่ยนเป็นภาษาไทย

Change to English
 แสดงรายละเอียดบรรณานุกรม
  กลับหน้าหลัก

Brief Record : Get Marc (ISO 2709) : E-mail record : QR code < ปิดหน้าต่าง
LEADER : 00000nam 2200000uu 4500
001    13399124148
003     ULIB
008    150121s2556||||th 000 0 tha d
020    ^a9786163480866
060  4 ^aQT104^bว711ส
100    ^aวิโรจน์ ไววานนิชกิจ
245    ^aสรีรวิทยาทางคลินิกพื้นฐาน : หลักการวินิจฉัยในเวชปฏิบัติ สำหรับพยาบาล แพทย์ และบุคลากรณ์ทางการแพทย์/^cวิโรจน์ ไววานนิชกิจ
250    ^aพิมพ์ครั้งที่ 1
260    ^aกรุงเทพฯ :^bโรงพิมพ์แห่งจุฬาลงกรณ์มหาวิทยาลัย,^c2556
300    ^a96 หน้า;^b21 ซม.
650    ^aสรีรวิทยา
650    ^aการวินิจฉัยหน้าที่การทำงานของตับ
650    ^aการวินิจฉัยหน้าที่การทำงานของไต
650    ^aการวินิจฉัยหน้าที่การทำงานของตับอ่อน
650    ^aการวินิจฉัยหน้าที่การทำงานของหัวใจ
650    ^aการวินิจฉัยหน้าที่การทำงานของปอด
650    ^aการวินิจฉัยหน้าที่การทำงานของต่อมไทรอยด์
650    ^aการวินิจฉัยหน้าที่การทำงานของต่อมใต้สมอง
650    ^aการวินิจฉัยหน้าที่การทำงานของหู
945    ^p315^l0^i038636
945    ^p315^l0^i038637
945    ^p315^l0^i038638
945    ^p315^l0^i038639
945    ^p315^l0^i038640
945    ^p315^l0^i038641
945    ^p315^l0^i038642
945    ^p315^l0^i038643
945    ^p315^l0^i038644
945    ^p315^l0^i038645
999    ^aเกษร โพธิ์สุวรรณ
รายการนี้ยังไม่มีแท็ก
คุณยังไม่ได้ล็อกอิน คุณสามารถมีกิจกรรมร่วมกับเว็บไซต์ได้ แต่ต้องล็อกอินก่อน ::
  ล็อกอิน

รายการสื่อสารสนเทศ

ลำดับที่ ประเภท เลขเรียก/บาร์โค้ด สถานที่ สถานะ
1. วิทยาศาสตร์การแพทย์ และสุขภาพ
หนังสือสำรอง
สถานะ=หนังสือสำรอง
QT104 ว711ส ฉ.1 
  Barcode: 038636
ห้องสมุดวิทยาเขตสวรรค์ประชารักษ์
►ส่วนจัดเก็บหนังสือเก่า สปร
บนชั้น
  ขอยืม
2. วิทยาศาสตร์การแพทย์ และสุขภาพ
วิทยาศาสตร์การแพทย์ และสุขภาพ
QT104 ว711ส ฉ.10 
  Barcode: 038645
ห้องสมุดวิทยาเขตสวรรค์ประชารักษ์
►ส่วนจัดเก็บหนังสือเก่า สปร
บนชั้น
  ขอยืม
3. วิทยาศาสตร์การแพทย์ และสุขภาพ
วิทยาศาสตร์การแพทย์ และสุขภาพ
QT104 ว711ส ฉ.2 
  Barcode: 038637
ห้องสมุดวิทยาเขตสวรรค์ประชารักษ์
►ส่วนจัดเก็บหนังสือเก่า สปร
บนชั้น
  ขอยืม
4. วิทยาศาสตร์การแพทย์ และสุขภาพ
วิทยาศาสตร์การแพทย์ และสุขภาพ
QT104 ว711ส ฉ.3 
  Barcode: 038638
ห้องสมุดวิทยาเขตสวรรค์ประชารักษ์
►ส่วนจัดเก็บหนังสือเก่า สปร
บนชั้น
  ขอยืม
5. วิทยาศาสตร์การแพทย์ และสุขภาพ
วิทยาศาสตร์การแพทย์ และสุขภาพ
QT104 ว711ส ฉ.4 
  Barcode: 038639
ห้องสมุดวิทยาเขตสวรรค์ประชารักษ์
►หนังสือทั่วไป
บนชั้น
6. วิทยาศาสตร์การแพทย์ และสุขภาพ
วิทยาศาสตร์การแพทย์ และสุขภาพ
QT104 ว711ส ฉ.5 
  Barcode: 038640
ห้องสมุดวิทยาเขตสวรรค์ประชารักษ์
►ส่วนจัดเก็บหนังสือเก่า สปร
บนชั้น
  ขอยืม
7. วิทยาศาสตร์การแพทย์ และสุขภาพ
วิทยาศาสตร์การแพทย์ และสุขภาพ
QT104 ว711ส ฉ.6 
  Barcode: 038641
ห้องสมุดวิทยาเขตสวรรค์ประชารักษ์
►ส่วนจัดเก็บหนังสือเก่า สปร
บนชั้น
  ขอยืม
8. วิทยาศาสตร์การแพทย์ และสุขภาพ
วิทยาศาสตร์การแพทย์ และสุขภาพ
QT104 ว711ส ฉ.7 
  Barcode: 038642
ห้องสมุดวิทยาเขตสวรรค์ประชารักษ์
►ส่วนจัดเก็บหนังสือเก่า สปร
บนชั้น
  ขอยืม
9. วิทยาศาสตร์การแพทย์ และสุขภาพ
วิทยาศาสตร์การแพทย์ และสุขภาพ
QT104 ว711ส ฉ.8 
  Barcode: 038643
ห้องสมุดวิทยาเขตสวรรค์ประชารักษ์
►ส่วนจัดเก็บหนังสือเก่า สปร
บนชั้น
  ขอยืม
10. วิทยาศาสตร์การแพทย์ และสุขภาพ
วิทยาศาสตร์การแพทย์ และสุขภาพ
QT104 ว711ส ฉ.9 
  Barcode: 038644
ห้องสมุดวิทยาเขตสวรรค์ประชารักษ์
►ส่วนจัดเก็บหนังสือเก่า สปร
บนชั้น
  ขอยืม

รายการใกล้เคียง
    ผู้แต่ง [วิโรจน์ ไววานนิชกิจ]

    หัวเรื่อง [สรีรวิทยา]
    หัวเรื่อง [การวินิจฉัยหน้าที่การทำงานของตับ]
    หัวเรื่อง [การวินิจฉัยหน้าที่การทำงานของไต]
    หัวเรื่อง [การวินิจฉัยหน้าที่การทำงานของตับอ่อน]
    หัวเรื่อง [การวินิจฉัยหน้าที่การทำงานของหัวใจ]
    หัวเรื่อง [การวินิจฉัยหน้าที่การทำงานของปอด]
    หัวเรื่อง [การวินิจฉัยหน้าที่การทำงานของต่อมไทรอยด์]
    หัวเรื่อง [การวินิจฉัยหน้าที่การทำงานของต่อมใต้สมอง]
    หัวเรื่อง [การวินิจฉัยหน้าที่การทำงานของหู]

BibComment


ยังไม่เคยถูกคอมเมนท์

คอมเมนท์ทรัพยากรรายการนี้
  คอมเมนท์: สรีรวิทยาทางคลิน..


 Copyright 2026. Bcnsprnw @Library